000 00814nmm a2200253 a 4500
001 ocm000786395
003 TR-IsHL
005 20201028152655.0
008 150709s1983 tu tur
007 cr cn
035 _a786395
_b(N$T)
050 0 4 _aHF1418
_b.S47 1983
090 0 4 _aHF1418
_b.S47 1983
245 1 0 _aSerbest bölge tanımı, dünyada, Türkiye'de
_h[electronic resource]
250 _a1. bs.
260 _aİstanbul :
_bİstanbul Ticaret Odası,
_c1983
300 _a128 p.
650 4 _aEkonomi ve Finans
650 4 _aEconomics and Finance
650 0 _aSerbest limanlar ve bölgeler
650 0 _aFree ports and zones
650 7 _aBUSINESS & ECONOMICS / General
_2bisacsh
856 4 0 _uhttp://search.ebscohost.com/login.aspx?direct=true&scope=site&db=e011xww&AN=786395
999 _c11648
_d11648